[Event "Sucre op"]
[Site "Sucre"]
[Date "2022.10.15"]
[Round "6"]
[White "Bracamonte, Leonel"]
[Black "Chumacero Uzeda, Jafeth Joel"]
[Result "0-1"]
[WhiteElo "1047"]
[BlackElo "1658"]
[PlyCount "86"]
[EventDate "2022.10.13"]
[EventType "swiss"]
[EventRounds "7"]
[EventCountry "BOL"]
[SourceTitle "CBM 210 Extra"]
[Source "ChessBase"]
[SourceDate "2022.11.30"]
[SourceVersion "1"]
[SourceVersionDate "2022.11.30"]
[SourceQuality "1"]

1. e4 c5 2. Nc3 g6 3. f4 Bg7 4. Nf3 Nc6 5. Bc4 e6 6. d3 Nge7 7. e5 d5 8. Bb3 0-0 9. 0-0 Rb8 10. a4 a6 11. Ne2 b5 12. axb5 axb5 13. c3 c4 14. dxc4 bxc4 15. Bc2 Na5 16. Ned4 Bd7 17. h3 Qb6 18. Nd2 Nec6 19. Kh1 Nxd4 20. cxd4 Bb5 21. Rf3 Rfc8 22. Rfa3 Nc6 23. Nf3 Bf8 24. Re3 Nb4 25. Bd2 Ra8 26. Bxb4 Bxb4 27. Ba4 Qa5 28. b3 cxb3 29. Rxb3 Bxa4 30. Qb1 Bc3 31. Raa3 Rc4 32. Qd3 Bxb3 33. Rxa5 Rxa5 34. Qb1 Ra1 35. Qxa1 Bxa1 36. Kh2 Bd1 37. Nd2 Rxd4 38. Nb1 Bb2 39. Kg3 h5 40. Kh4 Rxf4+ 41. Kg5 Bc1 42. Nc3 Rg4+ 43. Kf6 Bg5# 0-1

[Event "Sucre op"]
[Site "Sucre"]
[Date "2022.10.14"]
[Round "4"]
[White "Teran Medina, Marcelo"]
[Black "Bracamonte, Leonel"]
[Result "0-1"]
[WhiteElo "1549"]
[BlackElo "1047"]
[PlyCount "62"]
[EventDate "2022.10.13"]
[EventType "swiss"]
[EventRounds "7"]
[EventCountry "BOL"]
[SourceTitle "CBM 210 Extra"]
[Source "ChessBase"]
[SourceDate "2022.11.30"]
[SourceVersion "1"]
[SourceVersionDate "2022.11.30"]
[SourceQuality "1"]

1. e4 c5 2. c3 e6 3. d4 cxd4 4. cxd4 d6 5. Nc3 Nf6 6. Nf3 Nc6 7. Bb5 a6 8. Bd3 Qc7 9. 0-0 Be7 10. Re1 0-0 11. Rb1 Bd7 12. Bg5 Rfe8 13. e5 dxe5 14. dxe5 Nd5 15. Nxd5 exd5 16. Bf4 Bb4 17. Bxh7+ Kxh7 18. Ng5+ Kg8 19. Qh5 Bf5 20. e6 Bg6 21. Qxg6 fxg6 22. Bxc7 Bxe1 23. Rxe1 Nd4 24. Bb6 Nf5 25. Nf7 Rac8 26. g4 Nh4 27. Kf1 Nf3 28. Re3 Nd2+ 29. Kg2 Nc4 30. Rh3 Rxe6 31. Nd8 Rxb6 0-1